• 首页
  • 本馆介绍
  • 公告通知
  • 最新文献
  • 馆藏检索
  • 电子资源
  • 读者导购
  • 参考咨询
  • 我的图书馆
  • 登录
  • 详细信息显示
  • 放入我的书架
  • 预约/预借图书
  • 作者相关作品
  • 分类相关作品
  • 丛书相关作品
  • 出版社相关作品

书目信息

  • 表格格式
  • 工作单格式
  • 卡片格式
题名:
现代疾病病理诊断要点及药物治疗精要
    
 
作者: 曲震理 , 要建超 , 王静 主编
分册: 下册  
出版信息: 长春   吉林科学技术出版社  2016.7
页数: 253-569页
开本: 26cm
丛书名:
单 册:
中图分类: R446.8 , R453
科图分类:
主题词: 病理学--诊断学 , 药物疗法
电子资源:
ISBN: 978-7-5578-0825-9
000 01035nam0 2200277 450
001 0400004903
005 20171026151809.14
010    @a978-7-5578-0825-9@dCNY72.50
100    @a20160928e20172016em y0chiy50 ea
101 0  @achi
102    @aCN@b220000
105    @ay z 000yy
106    @ar
200 1  @a现代疾病病理诊断要点及药物治疗精要@9xian dai ji bing bing li zhen duan yao dian ji yao wu zhi liao jing yao@h下册@f曲震理,要建超,王静等主编
210    @a长春@c吉林科学技术出版社@d2016.7@h2017.6
215    @a253-569页@d26cm
330    @a本书分两篇,第一篇着重论述了口、口咽部、心血管系统、泌尿系统等疾病的病理诊断方法。第二篇重点介绍了神经系统、循环系统、呼吸系统等疾病的药物治疗与药理变化等。
606 0  @a病理学@x诊断学
606 0  @a药物疗法
690    @aR446.8@v5
690    @aR453@v5
701  0 @a曲震理@9qu zhen li@f(1978~)@4主编
701  0 @a要建超@9yao jian chao@f(1976~)@4主编
701  0 @a王静@9wang jing@c(女,@f1984~)@4主编
801  0 @aCN@b91MARC@c20171025
905    @b1039837-40@dR446.8@f4@e116:2
    
    现代疾病病理诊断要点及药物治疗精要.下册/曲震理,要建超,王静等主编.-长春:吉林科学技术出版社,2016.7(2017.6)
    253-569页;26cm
    
    
    ISBN 978-7-5578-0825-9:CNY72.50
    本书分两篇,第一篇着重论述了口、口咽部、心血管系统、泌尿系统等疾病的病理诊断方法。第二篇重点介绍了神经系统、循环系统、呼吸系统等疾病的药物治疗与药理变化等。
●
相关链接 在E读中查询图书 在五车中查询图书 在当当中查询图书 在豆瓣中查询图书


正题名:现代疾病病理诊断要点及药物治疗精要     索取号:R446.8/116:2         预约/预借

序号 登录号 条形码 馆藏地/架位号 状态 备注
1 1039837   210398372   第二样本阅览室/ [索取号:R446.8/116:2] 在馆    
2 1039838   210398381   密集书库-生命科学系/ [索取号:R446.8/116:2] 在馆    
3 1039839   210398390   第三借阅区/ [索取号:R446.8/116:2] 在馆    
4 1039840   210398407   第三借阅区/ [索取号:R446.8/116:2] 在馆    
唐山师范学院图书馆 欢迎您!
大连网信软件有限公司© 版权所有